01268nam a22002897a 4500003000400000005001700004008004100021020004100062040003100103050001700134100002300151245009900174250001900273260003800292300004600330336002400376337002800400338002500428504005100453650005100504650005600555650005600611650005600667942005600723999001900779952018000798OSt20250801132245.0250716b |||||||| |||| 00| 0 eng d a9783031199332 (Paperback)cUSD 85.00 aNUSTbengcNUSTdNUSTerda a QC174.7 LIS aLuca ListaeAuthor aStatistical methods for data analysis : bwith applications in particle physics /cLuca Lista. aThird edition. aSwitzerland:bSpringer,c©2023,. axxx, 334 pages :bIllustrations ;c25 cm. 2rdamediaatextbtxt 2rdamediaaunmediatedbn 2rdamediaavolumebnc aIncludes bibliographical references and index. vCOMPUTERS Artificial Intelligence General. vCOMPUTERS Database Administration and Management. vMATHEMATICS Probability and Statistics General. vComputer science, information and general works . 2lcccBOOKSeThird edition.hQC174.7 LISkQCmLISn0 c172258d172258 00102LCC40708NFICaMAINbMAINcGENd2025-07-16eBook Aid Internationalg85.00l0o QC174.7 LISp92004054800r2025-07-16 09:35:59t61809v85.00w2025-07-16yBOOKSzDonation